Quiz Map - Rivière du monde - Statistiques

Statistiques générales
  • Ce quiz a été pris 38 fois
  • Le résultat moyen est 20 sur 28
Réponses sur la Carte
Les réponses sont colorées sur une échelle allant du rouge au vert en fonction du pourcentage des utilisateurs qui les ont devinées à leur premier essai. Vous pouvez retrouver ces pourcentages ci-dessous.
 
Statistiques - réponses
Rivière % Correct
Nil
100%
Nil
100%
Nil
100%
Rhin
93%
Seine
93%
Amazone
89%
Danube
85%
Mississipi
85%
Missouri
85%
Euphrate
81%
Gange
81%
Niger
81%
Tigre
81%
Volga
78%
Congo
74%
Congo
74%
Po
70%
Rio Grande
70%
Zambeze
67%
Colorado
63%
Tage
56%
Elbe
52%
Indus
52%
Orange
44%
Jaune
41%
Saint Laurent
41%
Yukon
37%
Yukon
37%
Aucun quiz correspondant
Distribution des résultats
% des personnes avec chaque résultat
Percentile par nombre de réponses
Votre historique - résultats
Vous n’avez pas pris ce quiz